00851cam a2200241 i 45000010009000000050017000090080041000260100017000670200027000840410008001110800015001191000025001342450107001592460048002662500019003142640053003333000041003866530032004276530035004596530029004947000041005237000045005641808280520221107122715.0140326s2013 moua b 001 0 eng  a 2013372098 a9781437719369 (hbk) X aeng a617.3 L-961 aLusardi, Michelle M.10aOrthotics & prosthetics in rehabilitation /c Michelle M. Lusardi, Millee Jorge, Caroline C. Nielsen 3 aOrthotics and prosthetics in rehabilitation aThird edition. 1aSt. Louis, Missouri :bElsevier/Saunders,c2013. a851 pages :billustrations ;c29 cm. aორთოპედია aინპლანტები aმედიცინა1 aJorge, Milagros.eავტორი1 aNielsen, Caroline C.eავტორი